Logical analysis and contemporary theism.

Bibliographic Details
Main Author: Donnelly, John
Format: Book
Language:English
Published: New York : Fordham University Press, 1972.
Subjects:

MARC

Tag First Indicator Second Indicator Subfields
LEADER 00000cam a2200000 4500
001 in00000279781
005 20151010072445.0
008 720412s1972 nyu b 00100 eng
010 |a  77168693  
020 |a 0823209407  |c $12.50 
035 |a (OCoLC)00303967 
035 |9 ABE9262AM 
040 |a DLC  |c DLC  |d TXA  |d UtOrBLW 
049 |a TXAM  |c [1145511] 
050 0 0 |a BL200  |b .D6 
082 0 |a 211/.3 
100 1 |a Donnelly, John. 
245 1 0 |a Logical analysis and contemporary theism. 
264 1 |a New York :  |b Fordham University Press,  |c 1972. 
300 |a xi, 337 pages ;  |c 23 cm. 
336 |a text  |b txt  |2 rdacontent 
337 |a unmediated  |b n  |2 rdamedia 
338 |a volume  |b nc  |2 rdacarrier 
504 |a Includes bibliographical references. 
505 0 |a On proofs for the existence of God, by J. F. Ross.--Two criticisms of the cosmological argument, by W. L. Rowe.--The argument from design, by R. G. Swinburne.--The claims of religious experience, by H. J. N. Horsburgh.--Ineffability, by W. P. Alston.--The divine simplicity, by D. C. Bennett.--Necessary being, by J. H. Hick.--A new theory of analogy, by J. F. Ross.--Hume on evil, by N. Pike.--The perfect goodness of God, by A. Plantinga.--C. B. Martin's contradiction in theology, by W. L. Rowe.--Divine foreknowledge and human freedom, by A. Kenny.--Some puzzles concerning omnipotence, by G. I. Mavrodes.--The paradox of the stone, by C. W. Savage.--Creation ex nihilo, by J. Donnelly.--The miraculous, by R. F. Holland.--On miracles, by P. J. Dietl.--The tacit structure of religious knowing, by J. H. Gill.--On the observability of the self, by R. M. Chisholm.--Re-examining Kierkegaard's "Teleological suspension of the ethical," by J. Donnelly. 
650 0 |a Theism. 
999 |a MARS 
999 f f |s 08981f37-b09d-3a8a-b222-6be874aef75e  |i 463269d8-22df-39d1-8e38-f66668dff635  |t 0 
952 f f |p ric  |a Texas A&M University  |b Rellis Campus  |c Joint Library Facility  |d Remote Storage  |t 0  |e BL200 .D6  |h Library of Congress classification  |i unmediated -- volume  |m A14801733491 
998 f f |a BL200 .D6  |t 0  |l Remote Storage